Gazdaságpolitikai prioritások - 1992.

Východiská a vonkajšie a vnútorné predpoklady hospodárskej politiky na rok 1992. Pokles tempa inflácie. Zlepšovanie ekonomickej rovnováhy a rozvoj medzinárodných ekonomických vzťahov. Zmeny v systéme vlastníctva, zrýchlenie privatizácie a podpora podnikania. Modernizácia a rozvoj sociálnej sféry. St...

Descripción completa

Guardado en:
Detalles Bibliográficos
Autor principal: Báger, G.
Formato: Capítulo de libro
Lenguaje:húngaro
Materias:
Etiquetas: Agregar Etiqueta
Sin Etiquetas, Sea el primero en etiquetar este registro!

MARC

LEADER 00000naa a2200000 4500
001 r007748
005 20221125114014.3
041 0 |a hun 
044 |a HU 
245 1 0 |a Gazdaságpolitikai prioritások - 1992.  |c G. Báger 
520 |a Východiská a vonkajšie a vnútorné predpoklady hospodárskej politiky na rok 1992. Pokles tempa inflácie. Zlepšovanie ekonomickej rovnováhy a rozvoj medzinárodných ekonomických vzťahov. Zmeny v systéme vlastníctva, zrýchlenie privatizácie a podpora podnikania. Modernizácia a rozvoj sociálnej sféry. Stabilizácia potravinárstva. 
610 2 0 |a politika hospodárska 
610 2 0 |a MR 
610 2 0 |a 1992 
610 2 0 |a inflácia 
610 2 0 |a rovnováha hospodárska 
610 2 0 |a vzťahy hospodárske vonkajšie 
610 2 0 |a vlastníctvo 
610 2 0 |a privatizácia 
610 2 0 |a podnikanie 
610 2 0 |a politika sociálna 
610 2 0 |a potravinárstvo 
100 1 |a Báger, G.